000 00997nam a2200277Ia 4500
003 OSt
005 20220923211445.0
006 a|||||r|||| 00| 0
007 ta
008 220922b |||||||| |||| 00| 0 hin d
020 _a9789350641644 (pbk)
_c135
024 _a324,837
037 _b397, 12/03/2018, Eastern Book Linkers
_cTextual
040 _aARTS
_cARTS
_bhin
041 _2hin
_ahin
082 _aO152,3N256x, Q5
100 _aअमरकान्त, ले.
245 0 _aमेरी प्रिय कहानियॉं
246 _aMerī priya kahāniyaॉan
260 _aनई दिल्ली
_b राजपाल एण्ड सन्ज़
_c2015
300 _a127पृ.
_ccm.
650 _a हिन्दी साहित्य
_9156264
650 _aहिन्दी कहानी
942 _hO152,3N256x, Q5
_cTEXL
_2CC
999 _c299737
_d299737